Faculty of Law Library — Cairo University

Official Online Catalog

Modern criminal procedure : (Record no. 53262)

MARC details
000 -LEADER
fixed length control field 01644cac a2200409 i 4500
003 - CONTROL NUMBER IDENTIFIER
control field EG-GICUC
005 - DATE AND TIME OF LATEST TRANSACTION
control field 20260304095737.0
008 - FIXED-LENGTH DATA ELEMENTS--GENERAL INFORMATION
fixed length control field 741017s1974 mnu frb 001 0 eng d
040 ## - CATALOGING SOURCE
Original cataloging agency DLC
Transcribing agency DLC
Modifying agency DLC
-- EG-GICUC
Language of cataloging eng
Description conventions rda
043 ## - GEOGRAPHIC AREA CODE
Geographic area code n-us---
050 00 - LIBRARY OF CONGRESS CALL NUMBER
Classification number KF9618
Item number .K36 1974
082 00 - DEWEY DECIMAL CLASSIFICATION NUMBER
Classification number 343..073
Edition number 21
092 04 - LOCALLY ASSIGNED DEWEY CALL NUMBER (OCLC)
Edition number 21
099 ## - LOCAL FREE-TEXT CALL NUMBER (OCLC)
Classification number Law 10 1974
100 1# - MAIN ENTRY--PERSONAL NAME
Personal name Kamisar, Yale.
245 10 - TITLE STATEMENT
Title Modern criminal procedure :
Remainder of title cases, comments, and questions /
Statement of responsibility, etc. by Yale Kamisar, Wayne R. LaFave, Jerold H. Israel.
250 ## - EDITION STATEMENT
Edition statement 4th edition.
264 ## - PRODUCTION, PUBLICATION, DISTRIBUTION, MANUFACTURE, AND COPYRIGHT NOTICE
Place of production, publication, distribution, manufacture St. Paul :
Name of producer, publisher, distributor, manufacturer West Pub. Co.,
Date of production, publication, distribution, manufacture, or copyright notice 1974.
300 ## - PHYSICAL DESCRIPTION
Extent xcv, 1572, 72 page ;
Dimensions 27 cm.
336 ## - CONTENT TYPE
Content type term text
Content type code txt
Source rdacontent
337 ## - MEDIA TYPE
Media type term unmediated
Media type code n
Source rdamedia
338 ## - CARRIER TYPE
Carrier type term volume
Carrier type code nc
Source rdacarrier
440 #0 - SERIES STATEMENT/ADDED ENTRY--TITLE
Title American casebook series
500 ## - GENERAL NOTE
General note First ed. by Hall and Kamisar.
500 ## - GENERAL NOTE
General note Updated by cumulative supplement, which updates also the authors' Basic criminal procedure.
500 ## - GENERAL NOTE
General note "Federal rules of criminal procedure for the United States District Courts (as amended effective July 1, 1974": p. 24-53 (3d group).
500 ## - GENERAL NOTE
General note Includes index.
504 ## - BIBLIOGRAPHY, ETC. NOTE
Bibliography, etc. note Bibliography: p. lxvii-lxxxv.
650 #0 - SUBJECT ADDED ENTRY--TOPICAL TERM
Topical term or geographic name entry element Criminal procedure
Geographic subdivision United States
General subdivision Cases.
700 1# - ADDED ENTRY--PERSONAL NAME
Personal name LaFave, Wayne R.,
Relator term joint author.
700 1# - ADDED ENTRY--PERSONAL NAME
Personal name Israel, Jerold H.,
Dates associated with a name 1934-
Relator term joint author.
700 1# - ADDED ENTRY--PERSONAL NAME
Personal name Hall, Livingston,
Dates associated with a name 1903-
Title of a work Modern criminal procedure.
710 12 - ADDED ENTRY--CORPORATE NAME
Corporate name or jurisdiction name as entry element United States.
Subordinate unit Supreme Court.
Title of a work Rules of criminal procedure for the United States District Courts. 1974.
856 40 - ELECTRONIC LOCATION AND ACCESS
Uniform Resource Identifier <a href="https://fll.law.cu.edu.eg/fulltext/bks/ENGB10-00164.pdf">https://fll.law.cu.edu.eg/fulltext/bks/ENGB10-00164.pdf</a>
905 ## - Cataloger and Reviser Names
Cataloger Name: Hend El khosy
942 ## - ADDED ENTRY ELEMENTS (KOHA)
Source of classification or shelving scheme Dewey Decimal Classification
Koha item type Books
Edition 21
Suppress in OPAC No
Holdings
Withdrawn status Lost status Source of classification or shelving scheme Damaged status Not for loan Collection Home library Current library Date acquired Total checkouts Full call number Barcode Date last seen Copy number Price effective from Koha item type Public note
    Dewey Decimal Classification     القانون الجنائي جــــامعة القــاهرة مكتبة كلية الحقوق - فـرع الشيخ زايد 30.12.2025   Law2 10 343.3073 KA . M 4 ed - 1974 1000164 C1 ENGB10-00164 30.12.2025 1 30.12.2025 Books 1994

© All rights reserved — Faculty of Law, Cairo University